00329nam a2200121Ia 4500008004100000041000800041082001400049100001800063245004500081260003900126300003100165365001100196240624s9999 xx 000 0 und d aeng a650.1 BLA aBLANCHARD KEN aFULL STEAM AHEAD UNLEASH THE POWER OF VI c2009aNew DelhibTata McGraw- Hill axii, : 171 : p. : cm. ; 21 cRSb20